Spieler vom VfB Stuttgart-Sudden Death - Statistiken

Allgemein
  • Dieses Quiz wurde 602 mal gespielt
  • Das Durchschnittsergebnis liegt bei 9 aus 16
Answers on the Grid
Answers color-coded by a green-red scale on the quiz's grid according to % correct below.
Mauro Camoranesi
Aleksandr Hleb
Moritz Leitner
Mohammed Abdellaoue
Odisseas Vlachodimos
Omar Marmoush
Filip Kostic
Ozan Kabak
Josip Brekalo
Sven Bender
Holger Badstuber
Pavel Pogrebnyak
Oriol Romeu
Karim Bellarabi
Christian Pulisic
Steven Zuber
Mijat Gaćinović
Sandro Wagner
Ivan Rakitić
Ralf Fährmann
Martin Hinteregger
Kevin Kampl
Robert Huth
Arne Friedrich
Marcelo Bordon
Kevin Großkreutz
Michael Gregoritsch
Luca Waldschmidt
Pascal Groß
Marko Marin
Martin Harnik
Michael Rensing
 
Antwortstatistiken
Antwort % Korrekt
Holger Badstuber
71%
Martin Harnik
70%
Filip Kostic
64%
Ozan Kabak
61%
Omar Marmoush
58%
Kevin Großkreutz
57%
Aleksandr Hleb
56%
Moritz Leitner
52%
Odisseas Vlachodimos
52%
Steven Zuber
50%
Josip Brekalo
48%
Pavel Pogrebnyak
46%
Marcelo Bordon
44%
Mauro Camoranesi
43%
Mohammed Abdellaoue
41%
Oriol Romeu
40%
Keine übereinstimmenden Quizze gefunden
Verteilung der Resultate
Anzahl Personen mit jedem Resultat
Perzentil nach korrekt beantworteten Fragen
Ihre Resultats-Entwicklung
Sie haben dieses Quiz noch nicht gespielt